La guía del Community Manager: estrategia, táctica y herramientas (Registro nro. 9028)

Detalles MARC
000 -Cabecera
Campo de control de longitud fija 01771ntm a22005057a 4500
005 - Fecha y hora de la última transacción
Campo de control 20250606140240.0
008 - Elementos de longitud fija--Información general
Campo de control de longitud fija 170313b2013 xxu||||| |||| 00| 0 spa d
020 ## - International Standard Book Number
Número Internacional Estándar del Libro (ISBN) 9788441534087
041 ## - Idioma
Código de idioma
082 ## - Clasificación Decimal Dewey
Número de clasificación 658.878 M516g
100 ## - Entrada principal--Autor personal
Nombre personal Mejía Llano, Juan Carlos
9 (RLIN) 41141
245 ## - Título propiamente dicho
Título La guía del Community Manager: estrategia, táctica y herramientas
260 ## - Pie de imprenta
Lugar de publicación, distribución, etc. España
260 ## - Pie de imprenta
Nombre del editor, distribuidor, etc. Anaya Multimedia
260 ## - Pie de imprenta
Fecha de publicación, distribución, etc. 2013
300 ## - Descripción física
Extensión 400 páginas
505 ## - Nota de contenido
Nota de contenido Parte I. El Community Manager como nuevo protagonista de la empresa<br/>Parte II. El Community Manager como líder de acciones tácticas en redes sociales<br/>Parte III. El Community Manager como gestor de contenidos<br/>Parte IV. El Community Manager como estrategia del Marketing en redes sociales<br/>
650 ## - Materia general
Temática (materia general) TELEMERCADEO Y MERCADEO DIRECTO
650 ## - Materia general
Temática (materia general) WEB 2.0
650 ## - Materia general
Temática (materia general) PARTE SOCIAL DE INTERNET
650 ## - Materia general
Temática (materia general) GERENCIA
650 ## - Materia general
Temática (materia general) REDES SOCIALES
650 ## - Materia general
Temática (materia general) CONSUMIDOR 2.0
650 ## - Materia general
Temática (materia general) OPORTUNIDADES DE LAS REDES SOCIALES PARA LA EMPRESA
650 ## - Materia general
Temática (materia general) MARCA PERSONAL ONLINE
650 ## - Materia general
Temática (materia general) COMMUNITY MANAGER
650 ## - Materia general
Temática (materia general) SITIOS WEB
650 ## - Materia general
Temática (materia general) BLOG CORPORATIVO EXITOSO
650 ## - Materia general
Temática (materia general) ESTRATEGIA BASADA EN BLOGS
650 ## - Materia general
Temática (materia general) REDES SOCIALES EN LA EMPRESA
650 ## - Materia general
Temática (materia general) MARKETING DIGITAL
650 ## - Materia general
Temática (materia general) FACEBOOK
650 ## - Materia general
Temática (materia general) TWITTER
650 ## - Materia general
Temática (materia general) LINKEDINK
650 ## - Materia general
Temática (materia general) GOOGLE
650 ## - Materia general
Temática (materia general) YOUTUBE
650 ## - Materia general
Temática (materia general) COMUNIDADES ON LINE
650 ## - Materia general
Temática (materia general) HERRAMIENTAS DE ADMINISTRACIÓN DE LAS REDES SOCIALES
650 ## - Materia general
Temática (materia general) CONTENIDOS 2.0
650 ## - Materia general
Temática (materia general) ESTRATEGIAS PARA AUMENTAR LA INFLUENCIA EN REDES SOCIALES
650 ## - Materia general
Temática (materia general) REPUTACIÓN ONLINE
650 ## - Materia general
Temática (materia general) ESTRATEGIA DE MARKETING EN REDES SOCIALES
942 ## - Punto de acceso adicional KOHA
Tipo de ítem KOHA Libro
Fuente del sistema de clasificación o colocación Dewey Decimal Classification
Existencias
Signatura completa Código de barras Programa Académico Tipo de ítem
658.872 M516g 21690   Libro
658.872 M516g 21691   Libro